000 00411nam a2200133Ia 4500
008 200922s9999 xx 000 0 und d
020 _a978-981-4846-96-7
100 _aKail, Robert V.
245 _cRobert V. Kail, John C. Cavanaugh
_aHuman development:
_ba life-span view/
250 _a8th ed.
260 _aSingapore:
_bCENGAGE
_c2019
300 _axli, 680 pages
_c25 cm.
650 _aDevelopmental psychology
999 _c364382
_d364382